| 000 | 00430cam a22001337a 4500 | ||
|---|---|---|---|
| 008 | 180718b1984 xxu||||| |||| 00| 0 eng d | ||
| 082 | _aI51 In2 | ||
| 245 |
_aAdministrative accountability _cedited by T.N. Chaturvedi |
||
| 260 |
_aNew Delhi _bIndian Institute of Public Administration _c1984 |
||
| 300 | _a348p. | ||
| 650 | _aIndia --Politics and government --1947- | ||
| 650 | _aPublic administration | ||
| 700 | _aChaturvedi, T.N. | ||
| 999 |
_c499679 _d499679 |
||